| 000 | 00000nam 2200000za 4500 |
| 001 | 9.861134 |
| 003 | CaOODSP |
| 005 | 20221107160657 |
| 007 | cr ||||||||||| |
| 008 | 180824s1968 onc #ots f000 0 eng d |
| 040 | |aCaOODSP|beng |
| 043 | |an-cn--- |
| 086 | 1 |aEC22-1/1968-23E-PDF |
| 100 | 1 |aWalters, Dorothy A. P. |
| 245 | 10|aCanadian income levels and growth |h[electronic resource] : |ban international perspective / |cby Dorothy Walters. |
| 260 | |aOttawa : |bQueen's Printer, |cc1968. |
| 300 | |axii, 277 p. |
| 490 | 1 |aStaff study ; |vno. 23 |
| 500 | |aDigitized edition from print [produced by the Publishing and Depository Services Directorate]. |
| 504 | |aIncludes bibliographic references. |
| 692 | 07|2gccst|aIncome |
| 692 | 07|2gccst|aStatistics |
| 710 | 2 |aEconomic Council of Canada. |
| 830 | #0|aStaff study ;|vno. 23|w(CaOODSP)9.855513 |
| 856 | 40|qPDF|s22.59 MB|uhttps://publications.gc.ca/collections/collection_2018/ecc/EC22-1-1968-23-eng.pdf |